000 00463nam a2200157Ia 4500
003 IQ-KOUCL
041 _aArabic
082 _a955,04 cut-252 پ
100 _a20260118u\\\\\\\\\\\y0engy0103\\\\ba
100 _aد.نەجاتى عەبدوڵڵا
245 0 _aدیاریکردنى سنوورى ئیران - عوسمانى
250 _aط1
260 _bچاپخانەیى زانکۆى سەلاحەددین
_aهەولێر
_c2023
300 _a336
942 _cBk
999 _c187431
_d187431